000 00504nam a2200181 4500
001 125923
003 ES-MaACL
005 20230906192725.0
007 t|
008 070214s1917 sp r ||||1| spa d
110 1 _aMadrid.
_bAyuntamiento
_9234069
245 1 0 _aReglamentos municipales.
260 _aMadrid :
_b[s. n.],
_c1917 (
_fImp. Municipal)
300 _a1208 p. ;
_c22 x 14 cm.
500 _aPrecede al tít.: Ayuntamiento de Madrid.
852 _aES-MaACL
_jF-1846
999 _c125923
_d125923